[Event "Montreal op U2000"]
[Site "Montreal"]
[Date "2011.09.09"]
[Round "1"]
[White "Manailoiu, Dragos"]
[Black "Leitch, Darcy"]
[Result "0-1"]
[WhiteElo "1731"]
[BlackElo "1815"]
[PlyCount "72"]
[EventDate "2011.09.09"]
[EventType "swiss"]
[EventRounds "5"]
[EventCountry "CAN"]
[SourceTitle "EXT 2022"]
[Source "ChessBase"]
[SourceDate "2021.10.06"]
[SourceVersion "1"]
[SourceVersionDate "2021.10.06"]
[SourceQuality "1"]

1. d4 Nf6 2. Nc3 d5 3. Bg5 Bf5 4. f3 c6 5. e4 Bg6 6. e5 Nfd7 7. Bd3 Bxd3 8. Qxd3 Qb6 9. 0-0-0 e6 10. Be3 Qa6 11. Nge2 Qxd3 12. Rxd3 a6 13. f4 c5 14. dxc5 Bxc5 15. Bxc5 Nxc5 16. Rg3 g6 17. b4 Ncd7 18. Kb2 Nc6 19. Kb3 Ke7 20. Rd1 Nb6 21. Na4 Nc4 22. Nb2 b5 23. Nd4 Nxd4+ 24. Rxd4 a5 25. a3 axb4 26. Nxc4 bxc4+ 27. Kxb4 Rhb8+ 28. Kc5 Kd7 29. Rd1 Rb2 30. Rc3 Ra5+ 31. Kd4 Ra2 32. Rb1 Kc7 33. Rbb3 Ra7 34. g4 Ra1 35. f5 Rd1+ 36. Ke3 d4+ 0-1

[Event "Montreal Mercredi 01"]
[Site "Montreal"]
[Date "2007.01.24"]
[Round "3"]
[White "Katch, Gary"]
[Black "Leitch, Darcy"]
[Result "1/2-1/2"]
[WhiteElo "1717"]
[BlackElo "1620"]
[PlyCount "60"]
[EventDate "2007.01.10"]
[EventType "swiss"]
[EventRounds "5"]
[EventCountry "CAN"]
[SourceTitle "EXT 2022"]
[Source "ChessBase"]
[SourceDate "2021.10.06"]
[SourceVersion "1"]
[SourceVersionDate "2021.10.06"]
[SourceQuality "1"]

1. e4 c5 2. c3 Nf6 3. e5 Nd5 4. d4 e6 5. Nf3 Nc6 6. Bc4 Nb6 7. Bb3 Qc7 8. 0-0 cxd4 9. cxd4 Na5 10. Nc3 Nxb3 11. Qxb3 d5 12. Bg5 Bd7 13. Rfc1 Qc4 14. Qd1 h6 15. Be3 Be7 16. Nd2 Qa6 17. Qg4 Kf8 18. Ne2 h5 19. Qf3 Bb5 20. Nf4 Ke8 21. Nh3 Rd8 22. Bg5 Be2 23. Qg3 f6 24. exf6 gxf6 25. Bf4 Qd3 26. Be3 Bd6 27. Qg7 Qh7 28. Qxf6 Bg4 29. Ng5 Qg8 30. Re1 Nd7 1/2-1/2